| 000 | 00897nas a2200325 4500 | ||
|---|---|---|---|
| 001 | BR0104862 | ||
| 003 | BR-BrBNA | ||
| 005 | 20231205102530.0 | ||
| 007 | ta | ||
| 008 | 230509b bl.|||p| |||| 00| 00por d | ||
| 040 |
_aBR-BrBNA _bpor _cBiblioteca Nacional de Agricultura |
||
| 041 | _a(Pt) | ||
| 072 | _aL40 | ||
| 100 | 1 | _aSilva, F.O.C. e | |
| 100 | 1 | _aSeverino, R.S. | |
| 100 | 1 | _aSantos, A.L.Q. | |
| 100 | 1 | _aDrummond, S.S. | |
| 100 | 1 | _aSilva, M. | |
| 100 | 1 | _aBombonato, P.P. | |
| 100 | 1 | _aRezende, R.J. | |
| 100 | 1 | _aLima, E.M.M. de | |
| 245 | 1 | _aSuprimento arterial do timo em gatos sem raca definida | |
| 650 | _aGato | ||
| 650 | _aGlandula | ||
| 650 | _aArteria | ||
| 650 | _aAnatomia Animal | ||
| 773 | 0 |
_tBioscience Journal (Brazil) _xISSN 1516-3725 _g(Jun 2001), v. 17(1) p. 61-66 _wBR0104862 |
|
| 909 |
_a202311 _bLúcia _c55 _dLúcia Elande |
||
| 942 |
_2AGRIS _n0 _cANA |
||
| 999 |
_c168045 _d168045 |
||